000 00646nam a2200253Ia 4500
003 OSt
005 20220918184832.0
006 a|||||r|||| 00| 0
007 ta
008 220917b |||||||| |||| 00| 0 eng d
024 _a48,302
037 _cTextual
040 _aARTS
_cARTS
_beng
041 _2eng
_aeng
082 _aP:3, K8
100 _aLyons John
245 0 _aIntroduction to theortical linguistics
260 _aCambridge
_bCUP
_c1995
300 _ax,519p.
_ccm.
500 _aBib 482-505p; Rep. of 1968
650 _aLINGUISTICS
942 _hP:3, K8
_cTEXL
_2CC
999 _c177972
_d177972